Qual é a graça? (Record no. 48303)

MARC details
000 -LÍDER
campo de controle de tamanho fixo 00372 a2200157 4500
001 - NÚMERO DE CONTROLE
campo de controle 48303
020 ## - ISBN - INTERNATIONAL STANDARD BOOK NUMBER
ISBN - International Standard Book Number 8516027473 (broch.)
040 ## - FONTE DA CATALOGAÇÃO
Instituição que transcreveu o registro Anchieta - Bela Vista
100 ## - ENTRADA PRINCIPAL--NOME PESSOAL
Nome pessoal Aranha, Maria Lúcia de Arruda,
240 10 - TÍTULO UNIFORME
Título uniforme Qual é a graça?
Idioma da obra
245 10 - TÍTULO
Título Qual é a graça?
300 ## - DESCRIÇÃO FÍSICA
Extensão 48p.
362 0# - DATAS DE PUBLICAÇÃO E/OU DESIGNAÇÃO SEQUENCIAL
Datas de publicação e/ou designação sequencial 2001
650 #4 - ASSUNTO--TERMO TÓPICO
Cabeçalho tópico ou nome geográfico Literatura infanto-juvenil
942 ## - ELEMENTOS DE ENTRADA ADICIONADOS (KOHA)
Tipo de material Koha Livros
Holdings
Situação do descarte Situação das perdas Situação física Não pode ser emprestado Biblioteca de origem Biblioteca atual Data de aquisição Total de empréstimos Número de chamada completo Código de barras Data de último acesso Data do preço efetivo Tipo de material Koha
        Colégio Anchieta - Bela Vista Colégio Anchieta - Bela Vista 21/11/2023   028.5 A662q ARA QUA 94/BEL 21/11/2023 21/11/2023 Livros